The deployment of supply chain management - parts one, teo and three (Record no. 73716)
[ view plain ]
| 000 -LEADER | |
|---|---|
| fixed length control field | 01407cam a2200265 4500 |
| 001 - CONTROL NUMBER | |
| control field | ABS67131 |
| 008 - FIXED-LENGTH DATA ELEMENTS--GENERAL INFORMATION | |
| fixed length control field | 031030n2003 000 0 eng u |
| 035 ## - SYSTEM CONTROL NUMBER | |
| System control number | (Sirsi) u124183 |
| 100 ## - MAIN ENTRY--PERSONAL NAME | |
| Personal name | Watson, P. |
| 245 #4 - TITLE STATEMENT | |
| Title | The deployment of supply chain management - parts one, teo and three |
| 260 ## - PUBLICATION, DISTRIBUTION, ETC. | |
| Date of publication, distribution, etc. | 2003 |
| 490 ## - SERIES STATEMENT | |
| Series statement | Building Engineer |
| Volume/sequential designation | 78(10) October 2003, 28-30(3) |
| 490 ## - SERIES STATEMENT | |
| Series statement | Building Engineer |
| Volume/sequential designation | 78(11) November 2003, 28-32(5) |
| 490 ## - SERIES STATEMENT | |
| Series statement | Building Engineer |
| Volume/sequential designation | 78(12) December 2003, 28-31(4) |
| 520 ## - SUMMARY, ETC. | |
| Summary, etc. | The paper provides an overview of the theoretical works related to the advantages of deploying Supply Chain Management (SCM) within the UK construction industry. The study is underpinned by conducting empirical research via questionnaires and an active case study related to a large UK contracting company. The prime objective of both activities noted above is to provide the UK construction industry with a workable and valid framework for implementing SCM and thus attain the advantages of deployment in practice. The paper is presented in three parts with all references contained in part three. [Taken from article abstract] |
| 590 ## - LOCAL NOTE (RLIN) | |
| Local note | ABS |
| 650 ## - SUBJECT ADDED ENTRY--TOPICAL TERM | |
| Topical term or geographic name entry element | SUPPLY CHAIN MANAGEMENT |
| 650 ## - SUBJECT ADDED ENTRY--TOPICAL TERM | |
| Topical term or geographic name entry element | STRATEGIC ALLIANCES |
| 650 ## - SUBJECT ADDED ENTRY--TOPICAL TERM | |
| Topical term or geographic name entry element | COLLABORATION |
| 650 ## - SUBJECT ADDED ENTRY--TOPICAL TERM | |
| Topical term or geographic name entry element | CONSTRUCTION INDUSTRY |
| 690 ## - LOCAL SUBJECT ADDED ENTRY--TOPICAL TERM (OCLC, RLIN) | |
| Topical term or geographic name as entry element | Procurement |
| 9 (RLIN) | 6260 |
| 700 ## - ADDED ENTRY--PERSONAL NAME | |
| Personal name | Holyoke, H. |
| 700 ## - ADDED ENTRY--PERSONAL NAME | |
| Personal name | Wright, S. |
| 942 ## - ADDED ENTRY ELEMENTS (KOHA) | |
| Suppress in OPAC | 0 |
| Withdrawn status | Lost status | Source of classification or shelving scheme | Damaged status | Not for loan | Home library | Current library | Shelving location | Date acquired | Total Checkouts | Full call number | Barcode | Date last seen | Copy number | Price effective from | Koha item type |
|---|---|---|---|---|---|---|---|---|---|---|---|---|---|---|---|
| Dewey Decimal Classification | London | London | Journal article | 30/10/2003 | ABS67131 | 124183-1001 | 06/08/2019 | 1 | 06/08/2019 | Journal article |